The Gospel According to Peanuts /
Obra en que se ilustran las enseñanzas teológicas del ministro presbiteriano Robert L. Short sobre los evangelios con extractos de las tiras de la historieta Peanuts, de Charles M. Schulz.
-д хадгалсан:
| Үндсэн зохиолч: | |
|---|---|
| Формат: | Ном |
| Хэл сонгох: | англи |
| Хэвлэсэн: |
EUA :
Fontana Books,
1969
|
| Нөхцлүүд: | |
| Шошгууд: |
Шошго байхгүй, Энэхүү баримтыг шошголох эхний хүн болох!
|
MARC
| LEADER | 00000nam^a2200000^a^4500 | ||
|---|---|---|---|
| 001 | 000022425 | ||
| 005 | 20250521000000.0 | ||
| 009 | 20260310084457.68 | ||
| 037 | |a Acervo ITESO - Biblioteca | ||
| 041 | |a ING | ||
| 082 | |a 741. 5909 |b SHO | ||
| 100 | |a Short, Robert L. |e (autor) | ||
| 245 | 1 | 4 | |a The Gospel According to Peanuts / |c R.L. Short ; pról. de Nathan A. Scott, hijo. |
| 264 | 1 | |a EUA : |b Fontana Books, |c 1969 | |
| 300 | |a 124 p. | ||
| 336 | |a texto |b txt |2 rdacontenido | ||
| 337 | |a sin mediación |b n |2 rdamedio | ||
| 338 | |a volumen |b nc |2 rdasoporte | ||
| 520 | |a Obra en que se ilustran las enseñanzas teológicas del ministro presbiteriano Robert L. Short sobre los evangelios con extractos de las tiras de la historieta Peanuts, de Charles M. Schulz. | ||
| 649 | |a XX | ||
| 650 | |a Iglesia Presbiteriana | ||
| 650 | |a Biblia - |x Nuevo Testamento - |x Evangelios | ||
| 650 | |a Libros Sagrados | ||
| 650 | |a Protestantismo | ||
| 650 | |a Cristianismo | ||
| 650 | |a Religión | ||
| 910 | |a Fondo General | ||
| 920 | |a Impresos - Libros | ||
| 930 | |a Colección General | ||
| 905 | |a 101 | ||
| 901 | |a 0224250100 |b IT1 |c ACC |i 022425 |u 20250521 | ||
| 902 | |a https://opac.biblio.iteso.mx/vufind/Record/000022425 | ||